[Event "FRA-chT4 0102"]
[Site "Champagne Ardenne"]
[Date "2002.02.03"]
[Round "5"]
[White "Dhaussy, Adrien"]
[Black "Melin, Marie"]
[Result "1-0"]
[WhiteElo "1710"]
[BlackElo "1600"]
[PlyCount "91"]
[EventDate "2002.10.??"]
[EventType "team"]
[EventRounds "7"]
[EventCountry "FRA"]
[SourceTitle "EXT 2005"]
[Source "ChessBase"]
[SourceDate "2004.11.15"]
[SourceVersion "1"]
[SourceVersionDate "2004.11.15"]
[SourceQuality "1"]

1. e4 e5 2. Nf3 Nc6 3. Bc4 Bc5 4. c3 Nf6 5. d4 exd4 6. cxd4 Bb4+ 7. Nc3 0-0 8. d5 Ne7 9. e5 Ne4 10. Qc2 Nxc3 11. bxc3 Bc5 12. 0-0 Ng6 13. Re1 d6 14. e6 fxe6 15. dxe6 d5 16. Bd3 Qe8 17. c4 dxc4 18. Qxc4 b6 19. e7+ Rf7 20. Qd5 c6 21. Qd8 Bd7 22. Qxe8+ Rxe8 23. Bc4 Nxe7 24. Bxf7+ Kxf7 25. Ne5+ Ke6 26. Nxc6+ Kd6 27. Nxe7 Rxe7 28. Rxe7 Kxe7 29. Bg5+ Kf7 30. Bf4 Be6 31. Be3 Bd6 32. a4 Bb4 33. Rb1 Ba5 34. Rc1 a6 35. Rc7+ Kg8 36. Bd4 Bb3 37. Rxg7+ Kf8 38. Rb7 Bxa4 39. Bxb6 Bxb6 40. Rxb6 Bb5 41. Rb7 Kg8 42. f4 h6 43. g4 Bd3 44. Kf2 Kf8 45. Ke3 Bb5 46. Kd4 1-0

[Event "FRA-chT4 0102"]
[Site "Champagne Ardenne"]
[Date "2001.12.09"]
[Round "3"]
[White "Hacene, Ahmed"]
[Black "Melin, Marie"]
[Result "1-0"]
[WhiteElo "1920"]
[BlackElo "1590"]
[PlyCount "49"]
[EventDate "2002.10.??"]
[EventType "team"]
[EventRounds "7"]
[EventCountry "FRA"]
[SourceTitle "EXT 2005"]
[Source "ChessBase"]
[SourceDate "2004.11.15"]
[SourceVersion "1"]
[SourceVersionDate "2004.11.15"]
[SourceQuality "1"]

1. e4 d6 2. f4 g6 3. Nf3 Bg7 4. d4 e6 5. Be2 Ne7 6. 0-0 b6 7. c3 Bb7 8. Bd3 Nd7 9. Be3 0-0 10. Na3 c5 11. Nb5 Qb8 12. e5 d5 13. Nd6 Nc8 14. Nxc8 Qxc8 15. Rc1 c4 16. Bb1 Nb8 17. Ng5 h6 18. Nxf7 Kxf7 19. Qg4 Ke7 20. Bxg6 Rh8 21. f5 exf5 22. Qh4+ Kf8 23. Bxf5 Qc7 24. Be6+ Ke8 25. Rf7 1-0

[Event "FRA-chT4 0102"]
[Site "Champagne Ardenne"]
[Date "2001.11.18"]
[Round "2"]
[White "Melin, Marie"]
[Black "Bregoli, Andre"]
[Result "1-0"]
[WhiteElo "1590"]
[BlackElo "1810"]
[PlyCount "139"]
[EventDate "2002.10.??"]
[EventType "team"]
[EventRounds "7"]
[EventCountry "FRA"]
[SourceTitle "EXT 2005"]
[Source "ChessBase"]
[SourceDate "2004.11.15"]
[SourceVersion "1"]
[SourceVersionDate "2004.11.15"]
[SourceQuality "1"]

1. e4 e6 2. d4 d5 3. exd5 Qxd5 4. Nf3 Qd8 5. c4 Bd7 6. Nc3 Bc6 7. Be2 Nf6 8. 0-0 Be7 9. Ne5 0-0 10. Be3 Nfd7 11. Nxc6 Nxc6 12. d5 exd5 13. Nxd5 Nf6 14. Nxe7+ Qxe7 15. Bf3 Rfd8 16. Qe2 Nd4 17. Bxd4 Qxe2 18. Bxe2 Rxd4 19. Rfd1 Rad8 20. Rxd4 Rxd4 21. Rd1 c5 22. Rxd4 cxd4 23. f4 b6 24. Bf3 Kf8 25. Kf2 Ke7 26. Ke2 Kd6 27. b4 a5 28. a3 h5 29. Kd3 h4 30. Kxd4 axb4 31. axb4 Nd7 32. g3 hxg3 33. hxg3 g6 34. g4 f6 35. g5 f5 36. Bd5 Nb8 37. Bf7 Nc6+ 38. Kc3 Ne7 39. Kd4 Nc6+ 40. Kc3 Nd8 41. Bxg6 Ne6 42. Bxf5 Nxf4 43. g6 Nh5 44. Kd4 Ng7 45. Ke4 Nh5 46. Kd4 Ng7 47. Bg4 Ne8 48. c5+ bxc5+ 49. bxc5+ Ke7 50. Ke5 Nf6 51. Bf5 Ne8 52. c6 Nc7 53. Bd7 Kf8 54. Kd6 Nb5+ 55. Kc5 Nc7 56. Kb6 Nd5+ 57. Kb7 Ne7 58. c7 Kg7 59. Be8 Kf8 60. Bf7 Kg7 61. c8Q Nxc8 62. Kxc8 Kf8 63. Kd7 Kg7 64. Ke6 Kh8 65. Be8 Kg7 66. Ke7 Kg8 67. Kf6 Kh8 68. g7+ Kh7 69. Kf7 Kh6 70. g8Q 1-0